Le ‘tiers inclus’ dans l’évangile de Luc (notice n° 1621916)
[ vue normale ]
| 000 -LEADER | |
|---|---|
| fixed length control field | 01783cam a2200169 4500500 |
| 005 - DATE AND TIME OF LATEST TRANSACTION | |
| control field | 20260111091724.0 |
| 041 ## - LANGUAGE CODE | |
| Language code of text/sound track or separate title | fre |
| 042 ## - AUTHENTICATION CODE | |
| Authentication code | dc |
| 100 10 - MAIN ENTRY--PERSONAL NAME | |
| Personal name | Wargnies, Philippe |
| Relator term | author |
| 245 00 - TITLE STATEMENT | |
| Title | Le ‘tiers inclus’ dans l’évangile de Luc |
| 260 ## - PUBLICATION, DISTRIBUTION, ETC. | |
| Date of publication, distribution, etc. | 2009.<br/> |
| 500 ## - GENERAL NOTE | |
| General note | 3 |
| 520 ## - SUMMARY, ETC. | |
| Summary, etc. | L’évangile de Luc prête une grande attention à la miséricorde. De nombreuses scènes et paraboles insistent sur cette disposition et laissent voir sa mise en œuvre. À cet égard, on rencontre, dans le fonctionnement narratif du troisième évangile, une configuration, typique et récurrente, de relations triangulaires entre personnages, réels ou paraboliques. Approfondies à travers quelques épisodes plus représentatifs, ces relations révèlent clairement l’invitation faite au lecteur : il s’agit d’accueillir ce don pour communier soi-même à la façon dont le Christ prodigue, à tous sans exception, la miséricorde du Père. |
| 520 ## - SUMMARY, ETC. | |
| Summary, etc. | The Gospel of Luke gives a great deal of attention to mercy. Numerous scenes and parables insist on this disposition and allow us to see how it is put into practice. In this regard we meet, in the narrative functioning of the third Gospel, a typical and recurrent configuration of triangular relations between persons, real or in parables. Deepened through some more representative episodes, these relations clearly reveal the invitation offered to the reader : it is a matter of receiving this gift in order to share oneself in the way that Christ lavishes the mercy of the Father upon all without exception. |
| 786 0# - DATA SOURCE ENTRY | |
| Note | Nouvelle revue théologique | 131 | 1 | 2009-01-02 | p. 3-22 | 0029-4845 |
| 856 41 - ELECTRONIC LOCATION AND ACCESS | |
| Uniform Resource Identifier | <a href="https://shs.cairn.info/revue-nouvelle-revue-theologique-2009-1-page-3?lang=fr&redirect-ssocas=7080">https://shs.cairn.info/revue-nouvelle-revue-theologique-2009-1-page-3?lang=fr&redirect-ssocas=7080</a> |
Pas d'exemplaire disponible.




Réseaux sociaux